| 000 | 00329nam a22001337a 4500 | ||
|---|---|---|---|
| 020 | _a978-81-203-3435-9 | ||
| 082 | _a006.31 | ||
| 100 | _aSoman , K.P. | ||
| 245 | _aMachine Learning With SVM And Other Kernel Method | ||
| 260 |
_aNew Delhi : _bPHI , _c2009. |
||
| 300 |
_a477 p. ; _b24 cm. |
||
| 500 | _aPaperback. | ||
| 942 | _cBK | ||
| 999 |
_c33891 _d33891 |
||